[Event "CZE-ch Amateur"]
[Site "Hluk"]
[Date "2023.05.09"]
[Round "6"]
[White "Holemar, David"]
[Black "Buksa, Jaromir"]
[Result "1-0"]
[WhiteElo "2197"]
[BlackElo "2081"]
[PlyCount "45"]
[EventDate "2023.05.06"]
[EventType "swiss"]
[EventRounds "9"]
[EventCountry "CZE"]
[SourceTitle "CBM 214 Extra"]
[Source "ChessBase"]
[SourceDate "2023.07.31"]
[SourceVersion "1"]
[SourceVersionDate "2023.07.31"]
[SourceQuality "1"]

1. d4 Nf6 2. Nf3 e6 3. Bg5 Be7 4. Nbd2 0-0 5. e4 h6 6. Bh4 d6 7. Bd3 Nbd7 8. e5 Nd5 9. Bg3 dxe5 10. dxe5 Nc5 11. Be2 b6 12. a3 c6 13. c4 Nc7 14. Qc2 f5 15. exf6 Bxf6 16. Rd1 Qe7 17. b4 Nb7 18. Qe4 c5 19. Bd3 g5 20. Qg6+ Bg7 21. Qh7+ Kf7 22. Bg6+ Kf6 23. Be5# 1-0

[Event "South Moravia Region-chT 2223"]
[Site "Czech Republic"]
[Date "2023.01.15"]
[Round "6.1"]
[White "Novy, Martin"]
[Black "Holemar, David"]
[Result "0-1"]
[WhiteElo "2069"]
[BlackElo "2189"]
[PlyCount "131"]
[EventDate "2022.10.09"]
[EventType "team-tourn"]
[EventRounds "11"]
[EventCountry "CZE"]
[SourceTitle "EXT 2024"]
[Source "ChessBase"]
[SourceDate "2023.10.10"]
[SourceVersion "1"]
[SourceVersionDate "2023.10.10"]
[SourceQuality "1"]

1. d4 g6 2. Nf3 Bg7 3. e3 d6 4. Be2 Nc6 5. Nc3 e5 6. dxe5 Nxe5 7. Nxe5 Bxe5 8. 0-0 Ne7 9. Qd2 0-0 10. b3 Nd5 11. Bb2 Nxc3 12. Bxc3 Qf6 13. Bxe5 dxe5 14. Rad1 Bf5 15. Qc3 Qe7 16. Rd2 Rfd8 17. Rfd1 b6 18. Bf3 Rab8 19. Rxd8+ Rxd8 20. Rxd8+ Qxd8 21. Kf1 Qd6 22. e4 Be6 23. Ke2 Kg7 24. h4 h6 25. g3 f6 26. Ke1 a5 27. a3 c5 28. Qd2 Qe7 29. Bd1 g5 30. c3 Qb7 31. Qe3 Qe7 32. f4 exf4 33. gxf4 gxh4 34. Kf2 Qd6 35. Bc2 Bg4 36. e5 fxe5 37. fxe5 Qd5 38. b4 h3 39. Qe4 Qxe4 40. Bxe4 Kf7 41. bxa5 bxa5 42. Kg3 Bd7 43. Bd5+ Ke7 44. Kh2 Be6 45. Be4 Kd7 46. Kg3 Kc7 47. Bf3 Kb6 48. Be2 Kc6 49. Bf3+ Kb5 50. Be2+ Ka4 51. Bf1 Kxa3 52. Bxh3 Bc4 53. e6 Bxe6 54. Bxe6 Kb2 55. Kf4 a4 56. Ke5 Kxc3 57. Kd6 Kb4 58. Kd5 c4 59. Kd4 c3 60. Kd3 h5 61. Kc2 h4 62. Bd7 a3 63. Kb1 Kc4 64. Be6+ Kd3 65. Bd5 Kd2 66. Be6 0-1

[Event "CZE-chT1E 2122"]
[Site "Czech Republic"]
[Date "2022.01.23"]
[Round "7.4"]
[White "Vitak, Pavel"]
[Black "Holemar, David"]
[Result "1-0"]
[WhiteElo "2216"]
[BlackElo "2197"]
[PlyCount "91"]
[EventDate "2021.10.09"]
[EventType "team-tourn"]
[EventRounds "11"]
[EventCountry "CZE"]
[SourceTitle "EXT 2023"]
[Source "ChessBase"]
[SourceDate "2022.10.05"]
[SourceVersion "1"]
[SourceVersionDate "2022.10.05"]
[SourceQuality "1"]
[WhiteTeam "Vsetin"]
[BlackTeam "Brno Moravska Slavia II"]
[WhiteTeamCountry "CZE"]
[BlackTeamCountry "CZE"]

1. c4 Nf6 2. Nc3 g6 3. g3 Bg7 4. Bg2 0-0 5. e3 c5 6. Nge2 Nc6 7. a3 d6 8. Rb1 Be6 9. Nd5 Ne5 10. d3 Nxd5 11. cxd5 Bf5 12. e4 Bg4 13. h3 Bf3 14. 0-0 e6 15. Bxf3 Nxf3+ 16. Kg2 Nd4 17. dxe6 fxe6 18. Be3 Nxe2 19. Qxe2 b6 20. Rbd1 Qe7 21. d4 Rad8 22. h4 cxd4 23. Bxd4 Bxd4 24. Rxd4 Rd7 25. Rfd1 Rfd8 26. R1d3 Qf7 27. Rf3 Qe7 28. Rfd3 Qf7 29. Qf3 Qe7 30. h5 Kg7 31. hxg6 hxg6 32. Rd1 Qf6 33. Qe3 Qe7 34. Rh1 g5 35. Qf3 Rh8 36. Rdd1 Rdd8 37. Qc3+ e5 38. Qf3 Rxh1 39. Rxh1 Rh8 40. Rxh8 Kxh8 41. Qf5 Kg7 42. Qf3 Kh6 43. Qg4 a5 44. a4 Qd8 45. Qe6+ Kg7 46. b3 1-0

[Event "CZE-chT1E 2122"]
[Site "Czech Republic"]
[Date "2021.11.28"]
[Round "4.3"]
[White "Babula, Vlastimil1111"]
[Black "Holemar, David"]
[Result "0-1"]
[WhiteElo "2176"]
[BlackElo "2197"]
[PlyCount "46"]
[EventDate "2021.10.09"]
[EventType "team-tourn"]
[EventRounds "11"]
[EventCountry "CZE"]
[SourceTitle "EXT 2023"]
[Source "ChessBase"]
[SourceDate "2022.10.05"]
[SourceVersion "1"]
[SourceVersionDate "2022.10.05"]
[SourceQuality "1"]
[WhiteTeam "Stare Mesto"]
[BlackTeam "Brno Moravska Slavia II"]
[WhiteTeamCountry "CZE"]
[BlackTeamCountry "CZE"]

1. e4 g6 2. d4 Bg7 3. Nc3 a6 4. Be3 d6 5. Qd2 b5 6. f3 Bb7 7. h4 h5 8. Nh3 Nd7 9. Ng5 c5 10. dxc5 Nxc5 11. 0-0-0 Rc8 12. Bd4 Nf6 13. Kb1 Qa5 14. Qf2 b4 15. Nd5 Bxd5 16. exd5 0-0 17. g4 Na4 18. gxh5 Nc3+ 19. bxc3 bxc3 20. Bxc3 Rxc3 21. hxg6 Rb8+ 22. Kc1 Qa3+ 23. Kd2 Rxc2+ 0-1

[Event "CZE-ch Betsys Online Blitz"]
[Site "Chess.com INT"]
[Date "2021.04.17"]
[Round "10"]
[White "Holemar, David"]
[Black "Hrbek, Stepan"]
[Result "1-0"]
[WhiteElo "2229"]
[BlackElo "2230"]
[PlyCount "71"]
[EventDate "2021.04.17"]
[EventType "swiss (blitz)"]
[EventRounds "13"]
[EventCountry "CZE"]
[SourceTitle "CBM 201 Extra"]
[Source "ChessBase"]
[SourceDate "2021.05.31"]
[SourceVersion "1"]
[SourceVersionDate "2021.05.31"]
[SourceQuality "1"]

1. Nc3 e5 2. e4 Nf6 3. Nf3 Nc6 4. a3 d5 5. Bb5 d4 6. Ne2 Nxe4 7. 0-0 Bd6 8. Bxc6+ bxc6 9. Nexd4 0-0 10. Nxc6 Qe8 11. Nb4 Bg4 12. h3 Bh5 13. d3 Nc5 14. Re1 a5 15. Na2 Ne6 16. g4 Bg6 17. Nxe5 f5 18. Nxg6 Qxg6 19. Nc3 h5 20. g5 Nxg5 21. Bxg5 Qxg5+ 22. Kf1 Rae8 23. Rxe8 Rxe8 24. Qf3 Bh2 25. Qg2 Qd2 26. Qxh2 Qxc2 27. Qxc7 Qxd3+ 28. Kg1 Re6 29. Kh2 Qf3 30. Rg1 g6 31. Qc8+ Kf7 32. Qd7+ Kf6 33. Qd4+ Kf7 34. Rg3 Qc6 35. Re3 Rxe3 36. Qxe3 1-0

[Event "CZE-ch Betsys Online Blitz"]
[Site "Chess.com INT"]
[Date "2021.04.17"]
[Round "1"]
[White "Holemar, David"]
[Black "Karasek, Zbynek"]
[Result "1-0"]
[WhiteElo "2229"]
[BlackElo "1584"]
[PlyCount "55"]
[EventDate "2021.04.17"]
[EventType "swiss (blitz)"]
[EventRounds "13"]
[EventCountry "CZE"]
[SourceTitle "CBM 201 Extra"]
[Source "ChessBase"]
[SourceDate "2021.05.31"]
[SourceVersion "1"]
[SourceVersionDate "2021.05.31"]
[SourceQuality "1"]

1. Nc3 e5 2. e4 Nc6 3. Nf3 Bb4 4. Nd5 Ba5 5. Bc4 Nf6 6. Qe2 0-0 7. 0-0 d6 8. h3 Be6 9. Nxf6+ Qxf6 10. Bxe6 fxe6 11. d3 Rad8 12. Be3 d5 13. c3 d4 14. Bg5 Qg6 15. Bxd8 Rxd8 16. c4 Ne7 17. a3 c5 18. Nxe5 Qg5 19. f4 Qh4 20. Qg4 Qf6 21. Qg5 Qxg5 22. fxg5 Bd2 23. Nf3 Be3+ 24. Kh1 a6 25. b4 b6 26. bxc5 bxc5 27. Rab1 Nc6 28. Rb6 1-0

[Event "CZE-ch Betsys Online Blitz"]
[Site "Chess.com INT"]
[Date "2021.04.17"]
[Round "11"]
[White "Kratochvil, Karel"]
[Black "Holemar, David"]
[Result "0-1"]
[WhiteElo "2131"]
[BlackElo "2229"]
[PlyCount "73"]
[EventDate "2021.04.17"]
[EventType "swiss (blitz)"]
[EventRounds "13"]
[EventCountry "CZE"]
[SourceTitle "CBM 201 Extra"]
[Source "ChessBase"]
[SourceDate "2021.05.31"]
[SourceVersion "1"]
[SourceVersionDate "2021.05.31"]
[SourceQuality "1"]

1. d4 g6 2. c4 Bg7 3. Nc3 d6 4. e4 e5 5. dxe5 dxe5 6. Be3 Qxd1+ 7. Rxd1 c6 8. f3 Na6 9. a3 Nc7 10. Bd3 Ne6 11. Nge2 Bh6 12. Bf2 a5 13. 0-0 Nf6 14. Bc2 Nd7 15. Na4 Bf8 16. Be3 Nec5 17. Nxc5 Bxc5 18. Kf2 Bxe3+ 19. Kxe3 Nc5 20. Nc3 g5 21. Na4 Ne6 22. g3 Ke7 23. Bb1 h5 24. Rf2 h4 25. Nc3 hxg3 26. hxg3 Rh3 27. Rg1 Bd7 28. Ne2 Rc8 29. Rd1 b5 30. b3 bxc4 31. bxc4 Rb8 32. Bd3 Rb3 33. Rb1 Rxa3 34. Kd2 Ra2+ 35. Kc3 Ra3+ 36. Kd2 Nc5 37. Kc2 0-1

[Event "CZE-ch Betsys Online Blitz"]
[Site "Chess.com INT"]
[Date "2021.04.17"]
[Round "9"]
[White "Mladek, Richard"]
[Black "Holemar, David"]
[Result "1-0"]
[WhiteElo "2291"]
[BlackElo "2229"]
[PlyCount "81"]
[EventDate "2021.04.17"]
[EventType "swiss (blitz)"]
[EventRounds "13"]
[EventCountry "CZE"]
[SourceTitle "CBM 201 Extra"]
[Source "ChessBase"]
[SourceDate "2021.05.31"]
[SourceVersion "1"]
[SourceVersionDate "2021.05.31"]
[SourceQuality "1"]

1. e4 c5 2. Nf3 Nc6 3. d4 cxd4 4. Nxd4 e5 5. Nb5 d6 6. N1c3 a6 7. Na3 b5 8. Nd5 Nge7 9. c4 Nd4 10. Be3 Nxd5 11. exd5 Nf5 12. Bd2 Qh4 13. Bd3 Be7 14. g3 Qf6 15. cxb5 0-0 16. 0-0 axb5 17. Nxb5 Ba6 18. Bc3 Bxb5 19. Bxb5 Qg5 20. Bd2 Qf6 21. Bc3 Qg5 22. Qc1 Qg4 23. f3 Qh3 24. Qe1 Bg5 25. Kh1 Ne3 26. Rf2 Nxd5 27. Bc6 Nxc3 28. Bxa8 Nb5 29. Bd5 Nd4 30. a4 Rb8 31. a5 h5 32. a6 Nb5 33. a7 Nxa7 34. Rxa7 h4 35. g4 Kh8 36. Rxf7 Rc8 37. Be4 g6 38. Rc2 Rxc2 39. Bxc2 Bf4 40. Qf2 d5 41. Qg2 1-0

[Event "CZE-chT1E 1920"]
[Site "Czech Republic"]
[Date "2020.06.13"]
[Round "10.6"]
[White "Holemar, David"]
[Black "Vesely, Libor"]
[Result "1/2-1/2"]
[WhiteElo "2260"]
[BlackElo "2216"]
[PlyCount "86"]
[EventDate "2019.10.20"]
[EventType "team-tourn"]
[EventRounds "11"]
[EventCountry "CZE"]
[SourceTitle "EXT 2021"]
[Source "ChessBase"]
[SourceDate "2020.10.23"]
[SourceVersion "1"]
[SourceVersionDate "2020.10.23"]
[SourceQuality "1"]
[WhiteTeam "Brno Moravska Slavia II"]
[BlackTeam "Poruba Slavoj II"]
[WhiteTeamCountry "CZE"]
[BlackTeamCountry "CZE"]

1. d4 Nf6 2. Nc3 d5 3. Bg5 e6 4. e4 dxe4 5. Nxe4 Be7 6. Nxf6+ Bxf6 7. Bxf6 Qxf6 8. Nf3 0-0 9. Bd3 Nc6 10. 0-0 e5 11. dxe5 Nxe5 12. Nxe5 Qxe5 13. c3 Be6 14. Re1 Qf6 15. Qe2 Rad8 16. Rad1 Bd5 17. Bxh7+ Kxh7 18. Qh5+ Qh6 19. Rxd5 Qxh5 20. Rxh5+ Kg6 21. Rhe5 Rd2 22. R5e2 Rfd8 23. f3 Kf6 24. Kf2 R2d5 25. Re4 g5 26. R1e2 R8d7 27. Ra4 a6 28. Rae4 Ra5 29. a3 Rad5 30. Rb4 b5 31. Rbe4 c5 32. f4 c4 33. fxg5+ Kxg5 34. a4 R7d6 35. axb5 axb5 36. Re5+ f5 37. Re8 Rd2 38. Rg8+ Kf6 39. Rb8 R6d5 40. Rg8 Kf7 41. Rg5 Kf6 42. Rg8 Kf7 43. Rge8 Rxb2 1/2-1/2

[Event "Prague op"]
[Site "Prague"]
[Date "2020.02.15"]
[Round "2"]
[White "Holemar, David"]
[Black "Saric, Ante"]
[Result "0-1"]
[WhiteElo "2250"]
[BlackElo "2531"]
[PlyCount "42"]
[EventDate "2020.02.14"]
[EventType "swiss"]
[EventRounds "9"]
[EventCountry "CZE"]
[SourceTitle "CBM 195 Extra"]
[Source "ChessBase"]
[SourceDate "2020.05.31"]
[SourceVersion "1"]
[SourceVersionDate "2020.05.31"]
[SourceQuality "1"]

1. d4 Nf6 2. c4 e6 3. Nc3 Bb4 4. f3 d5 5. a3 Bxc3+ 6. bxc3 c6 7. e4 dxe4 8. fxe4 e5 9. Nf3 Qa5 10. Bd2 Nxe4 11. Nxe5 0-0 12. Bd3 Nxd2 13. Qxd2 Nd7 14. Nxd7 Bxd7 15. 0-0 Rae8 16. c5 b6 17. Rf3 bxc5 18. Rg3 g6 19. Rg5 f5 20. Bc4+ Be6 21. Qa2 Bf7 0-1

[Event "CZE-chT1E 1920"]
[Site "Czech Republic"]
[Date "2020.01.05"]
[Round "5.6"]
[White "Stepan, Patrik"]
[Black "Holemar, David"]
[Result "1/2-1/2"]
[WhiteElo "2203"]
[BlackElo "2260"]
[PlyCount "55"]
[EventDate "2019.10.20"]
[EventType "team-tourn"]
[EventRounds "11"]
[EventCountry "CZE"]
[SourceTitle "CBM 194 Extra"]
[Source "ChessBase"]
[SourceDate "2020.03.31"]
[SourceVersion "1"]
[SourceVersionDate "2020.03.31"]
[SourceQuality "1"]
[WhiteTeam "Frydek Mistek II"]
[BlackTeam "Brno Moravska Slavia II"]
[WhiteTeamCountry "CZE"]
[BlackTeamCountry "CZE"]

1. d4 g6 2. c4 Bg7 3. Nf3 d6 4. e4 e5 5. Nc3 Nc6 6. Bg5 Bf6 7. Bxf6 Nxf6 8. dxe5 Nxe5 9. Nxe5 dxe5 10. Qxd8+ Kxd8 11. 0-0-0+ Ke7 12. Nd5+ Nxd5 13. Rxd5 f6 14. Be2 Be6 15. Rd2 Rhd8 16. Rhd1 Rxd2 17. Rxd2 h5 18. h4 Rh8 19. Rd1 c5 20. Kc2 Bd7 21. Kd3 Ba4 22. b3 Bc6 23. Ke3 a5 24. a4 Bd7 25. g3 Be6 26. Bf3 Rd8 27. Rxd8 Kxd8 28. Be2 1/2-1/2

[Event "CZE-chT 1819"]
[Site "Czech Republic"]
[Date "2019.04.21"]
[Round "11.5"]
[White "Holemar, David"]
[Black "Novosadova, Kristyna"]
[Result "1/2-1/2"]
[WhiteElo "2304"]
[BlackElo "2231"]
[PlyCount "55"]
[EventDate "2018.11.03"]
[EventType "team-tourn"]
[EventRounds "11"]
[EventCountry "CZE"]
[SourceTitle "CBM 190 Extra"]
[Source "ChessBase"]
[SourceDate "2019.07.15"]
[SourceVersion "1"]
[SourceVersionDate "2019.07.15"]
[SourceQuality "1"]
[WhiteTeam "Brno Moravska Slavia"]
[BlackTeam "Frydek Mistek"]
[WhiteTeamCountry "CZE"]
[BlackTeamCountry "CZE"]

1. d4 Nf6 2. Nc3 d5 3. Bg5 h6 4. Bh4 g5 5. Bg3 c5 6. e3 Qa5 7. Bxb8 Rxb8 8. Bb5+ Bd7 9. Bxd7+ Nxd7 10. h4 g4 11. Qxg4 Nf6 12. Qf4 Rc8 13. Nf3 cxd4 14. exd4 Rg8 15. 0-0 Rg4 16. Qe3 e6 17. Ne5 Rxh4 18. g3 Ng4 19. Qe2 Nxe5 20. gxh4 Nc4 21. Rab1 Bb4 22. Rfd1 Kd7 23. Qg4 Nd6 24. Ne2 Rxc2 25. a3 Bd2 26. Qf3 Qb5 27. a4 Qc4 28. b3 1/2-1/2

[Event "CZE-chT2D 1819"]
[Site "Czech Republic"]
[Date "2018.10.14"]
[Round "1.4"]
[White "Svizensky, Lubos"]
[Black "Holemar, David"]
[Result "0-1"]
[WhiteElo "1937"]
[BlackElo "2304"]
[PlyCount "78"]
[EventDate "2018.10.14"]
[EventType "team-tourn"]
[EventRounds "11"]
[EventCountry "CZE"]
[SourceTitle "EXT 2022"]
[Source "ChessBase"]
[SourceDate "2021.10.06"]
[SourceVersion "1"]
[SourceVersionDate "2021.10.06"]
[SourceQuality "1"]
[WhiteTeam "Dalesice Pivovar"]
[BlackTeam "Brno Moravska Slavia II"]
[WhiteTeamCountry "CZE"]
[BlackTeamCountry "CZE"]

1. d4 d6 2. Nf3 g6 3. c4 Bg7 4. Nc3 Nd7 5. e4 e5 6. d5 Ne7 7. Be2 0-0 8. 0-0 h6 9. Ne1 f5 10. f3 Nf6 11. Nd3 g5 12. Bd2 Ng6 13. Rc1 a6 14. c5 f4 15. b4 h5 16. Nf2 Rf7 17. a4 Bf8 18. cxd6 cxd6 19. a5 Rb8 20. Na4 g4 21. Nb6 g3 22. Nd3 gxh2+ 23. Kh1 h4 24. Nxc8 Rxc8 25. Be1 Rxc1 26. Qxc1 Nh5 27. Qb2 Ng3+ 28. Bxg3 fxg3 29. Qd2 Rc7 30. Rc1 Kh7 31. Rxc7+ Qxc7 32. Qc1 Qxc1+ 33. Nxc1 Bh6 34. Nb3 Be3 35. b5 h3 36. gxh3 Nf4 37. Bf1 axb5 38. Bg2 Nd3 39. h4 Nf2# 0-1

[Event "CZE-chT2E 1718"]
[Site "Czech Republic"]
[Date "2018.01.28"]
[Round "7.5"]
[White "Hajek, Oskar"]
[Black "Holemar, David"]
[Result "0-1"]
[WhiteElo "2133"]
[BlackElo "2295"]
[PlyCount "94"]
[EventDate "2017.10.15"]
[EventType "team-tourn"]
[EventRounds "11"]
[EventCountry "CZE"]
[SourceTitle "EXT 2022"]
[Source "ChessBase"]
[SourceDate "2021.10.06"]
[SourceVersion "1"]
[SourceVersionDate "2021.10.06"]
[SourceQuality "1"]
[WhiteTeam "Prusanky Podluzan"]
[BlackTeam "Brno Moravska Slavia II"]
[WhiteTeamCountry "CZE"]
[BlackTeamCountry "CZE"]

1. e4 g6 2. d4 Bg7 3. Nc3 d6 4. Be3 a6 5. Qd2 b5 6. 0-0-0 Bb7 7. f3 Nd7 8. h4 h5 9. Nh3 c5 10. Ng5 cxd4 11. Bxd4 Bxd4 12. Qxd4 Ngf6 13. a4 bxa4 14. Qxa4 0-0 15. Qa2 Qb6 16. Bc4 Ne5 17. Bb3 Nh7 18. Nxh7 Kxh7 19. Kb1 Qf2 20. f4 Qxf4 21. Rdf1 Qg4 22. Bxf7 Kg7 23. Bc4 Rxf1+ 24. Bxf1 Bxe4 25. Nxe4 Qxe4 26. Qe6 Qe1+ 27. Ka2 Qa5+ 28. Kb1 Qc7 29. Bd3 Rf8 30. Re1 Rf6 31. Qb3 a5 32. Re4 Qa7 33. Ka2 Nc6 34. c3 Ne5 35. Be2 Rf2 36. g3 Qa8 37. Re3 Qa7 38. Re4 Qa8 39. Re3 a4 40. Qa3 Qc6 41. Ka1 Qh1+ 42. Ka2 Qd5+ 43. c4 Nxc4 44. Qc3+ Ne5+ 45. Ka3 Kh7 46. Kxa4 Rf8 47. Bb5 Ra8+ 0-1

[Event "EU-ch blitz"]
[Site "Katowice"]
[Date "2017.12.15"]
[Round "6"]
[White "Buraczewski, Rafal"]
[Black "Holemar, David"]
[Result "1/2-1/2"]
[WhiteElo "2221"]
[BlackElo "2299"]
[PlyCount "150"]
[EventDate "2017.12.15"]
[EventType "swiss (blitz)"]
[EventRounds "22"]
[EventCountry "POL"]
[SourceTitle "CBM 182 Extra"]
[Source "ChessBase"]
[SourceDate "2018.02.23"]
[SourceVersion "1"]
[SourceVersionDate "2018.02.23"]
[SourceQuality "1"]

1. Nf3 g6 2. d4 Bg7 3. c4 d6 4. Nc3 Nd7 5. Bg5 h6 6. Bh4 f5 7. Bg3 e5 8. e3 e4 9. Nh4 Nf8 10. f3 g5 11. fxe4 gxh4 12. Qh5+ Kd7 13. Qxf5+ Ke8 14. Qh5+ Kd7 15. Qg4+ Ne6 16. d5 Bxc3+ 17. bxc3 Qf6 18. Qxe6+ Qxe6 19. dxe6+ Kxe6 20. Bxh4 Bd7 21. Bd3 Rf8 22. Kd2 Nf6 23. h3 Bc6 24. Bxf6 Rxf6 25. Raf1 Rhf8 26. Rf5 h5 27. Rhf1 h4 28. Ke2 Rxf5 29. exf5+ Ke5 30. Rf4 Rh8 31. Rg4 Bd7 32. e4 Bc6 33. Kf3 Rh5 34. Ke3 Rh7 35. Rg8 b6 36. Rg6 Bd7 37. g3 hxg3 38. Rxg3 a5 39. Kf3 Bc6 40. Ke3 Bd7 41. Kd2 Bc6 42. Rg6 Bd7 43. h4 Rxh4 44. Rg7 Rh2+ 45. Kc1 Ba4 46. Re7+ Kf4 47. f6 Ke3 48. Bf1 Rh1 49. f7 Rxf1+ 50. Kb2 Bc6 51. Rxc7 Bxe4 52. Re7 Kd3 53. Re6 Rxf7 54. Rxd6+ Ke3 55. Rxb6 Ra7 56. Kb3 Kd3 57. Rd6+ Ke3 58. Re6 Kf4 59. Ka4 Kf5 60. Rh6 Ke5 61. Kb5 a4 62. c5 Bd3+ 63. c4 a3 64. Rh5+ Kd4 65. Rh4+ Kc3 66. Rh3 Kd4 67. Kb6 Ra8 68. c6 Bxc4 69. Rh4+ Kd5 70. c7 Bxa2 71. Kb7 Re8 72. Rh3 Bc4 73. Rxa3 Kc5 74. Ra5+ Bb5 75. Rxb5+ Kxb5 1/2-1/2

[Event "EU-ch blitz"]
[Site "Katowice"]
[Date "2017.12.15"]
[Round "5"]
[White "Holemar, David"]
[Black "Buraczewski, Rafal"]
[Result "1/2-1/2"]
[WhiteElo "2299"]
[BlackElo "2221"]
[PlyCount "49"]
[EventDate "2017.12.15"]
[EventType "swiss (blitz)"]
[EventRounds "22"]
[EventCountry "POL"]
[SourceTitle "CBM 182 Extra"]
[Source "ChessBase"]
[SourceDate "2018.02.23"]
[SourceVersion "1"]
[SourceVersionDate "2018.02.23"]
[SourceQuality "1"]

1. Nc3 d5 2. e4 dxe4 3. Nxe4 Bf5 4. Ng3 Bg6 5. Nf3 Nf6 6. h4 Nh5 7. Ne2 Nf6 8. Nf4 Nbd7 9. d4 e6 10. h5 Be4 11. h6 g6 12. Bd3 Bxd3 13. Nxd3 c6 14. Bg5 Qa5+ 15. c3 Ne4 16. Bf4 g5 17. Be5 f6 18. Bg3 Nxg3 19. fxg3 Qc7 20. Qe2 0-0-0 21. 0-0-0 Re8 22. g4 Bd6 23. Kb1 Rhg8 24. Qd2 Nb6 25. Rde1 1/2-1/2

[Event "CZE-chT 1718"]
[Site "Czech Republic"]
[Date "2017.12.02"]
[Round "3.4"]
[White "Jasny, Stanislav"]
[Black "Holemar, David"]
[Result "1-0"]
[WhiteElo "2362"]
[BlackElo "2296"]
[PlyCount "92"]
[EventDate "2017.11.18"]
[EventType "team-tourn"]
[EventRounds "11"]
[EventCountry "CZE"]
[SourceTitle "CBM 181 Extra"]
[Source "ChessBase"]
[SourceDate "2017.12.12"]
[SourceVersion "1"]
[SourceVersionDate "2017.12.12"]
[SourceQuality "1"]
[WhiteTeam "Frydek Mistek"]
[BlackTeam "Brno Moravska Slavia"]
[WhiteTeamCountry "CZE"]
[BlackTeamCountry "CZE"]

1. c4 g6 2. g3 Bg7 3. Bg2 e5 4. Nc3 f5 5. e3 Nc6 6. d3 Nf6 7. Nge2 0-0 8. 0-0 d6 9. Rb1 Be6 10. Nd5 Rb8 11. b4 Ne7 12. Nec3 c6 13. Nxe7+ Qxe7 14. b5 d5 15. Qa4 dxc4 16. Ba3 c5 17. d4 b6 18. dxc5 bxc5 19. Rfd1 e4 20. Bf1 Ng4 21. Bxc4 Ne5 22. Bxe6+ Qxe6 23. Nd5 Rfd8 24. Qxa7 Nd3 25. Nf4 Qxa2 26. Nxd3 exd3 27. Bxc5 Qd5 28. Qa3 h5 29. h4 Kh7 30. b6 Be5 31. Bd4 Bxd4 32. Qxd3 Qa5 33. exd4 Rxb6 34. Rxb6 Qxb6 35. d5 f4 36. gxf4 Qf6 37. Qg3 Rd6 38. Qg5 Qf7 39. Qe5 Qd7 40. Rd3 Qg4+ 41. Kf1 Ra6 42. d6 Ra7 43. f5 Qxh4 44. fxg6+ Kg8 45. d7 Qh1+ 46. Ke2 Ra8 1-0

[Event "CZE-chT2E 1718"]
[Site "Czech Republic"]
[Date "2017.11.19"]
[Round "3.2"]
[White "Kisa, Lubomir"]
[Black "Holemar, David"]
[Result "1/2-1/2"]
[WhiteElo "2174"]
[BlackElo "2295"]
[PlyCount "33"]
[EventDate "2017.10.15"]
[EventType "team-tourn"]
[EventRounds "11"]
[EventCountry "CZE"]
[SourceTitle "EXT 2022"]
[Source "ChessBase"]
[SourceDate "2021.10.06"]
[SourceVersion "1"]
[SourceVersionDate "2021.10.06"]
[SourceQuality "1"]
[WhiteTeam "Brno VSK Univ"]
[BlackTeam "Brno Moravska Slavia II"]
[WhiteTeamCountry "CZE"]
[BlackTeamCountry "CZE"]

1. e4 g6 2. d4 Bg7 3. Nf3 d6 4. Be2 Nc6 5. Nc3 e5 6. dxe5 dxe5 7. Qxd8+ Nxd8 8. Nd5 Kd7 9. Be3 c6 10. Nc3 Ne6 11. Ng5 Ke7 12. Bc4 Nxg5 13. Bxg5+ f6 14. Be3 Be6 15. Bxe6 Kxe6 16. Ke2 Bh6 17. Rhd1 1/2-1/2